[Event "Hastings Weekend Open 2024/25"]
[Site "Hastings"]
[Date "2025.01.04"]
[Round "2.2"]
[White "Pick, Freddie"]
[Black "Liu, Tianyi (Jack)"]
[Result "0-1"]
[WhiteElo "1874"]
[BlackElo "2180"]
[PlyCount "157"]
[EventDate "2025.01.03"]
[EventType "swiss"]
[EventRounds "5"]
[EventCountry "ENG"]
[SourceTitle "BritBase"]
[Source "John Saunders"]
[SourceDate "2025.01.10"]
[SourceVersion "1"]
[SourceVersionDate "2025.01.10"]
[SourceQuality "1"]

1. e4 c5 2. Nf3 e6 3. d4 cxd4 4. Nxd4 Nc6 5. Nc3 Qc7 6. g3 a6 7. Bg2 Nf6 8. O-O Be7 9. b3 Nxd4 10. Qxd4 Bc5 11. Qd3 Ng4 12. Bb2 Ne5 13. Qd2 O-O 14. Na4 Be7 15. f4 Nc6 16. Rad1 f6 17. Kh1 Rd8 18. Nc3 Bf8 19. Qf2 b5 20. e5 f5 21. Rd2 Bb7 22. Rfd1 Rab8 23. h3 Bb4 24. Rd3 Ne7 25. a3 Bc5 26. Qd2 Bxg2+ 27. Kxg2 Rb7 28. b4 Bb6 29. Rd6 Qc4 30. Qe2 Qxe2+ 31. Nxe2 Nd5 32. Bd4 Bxd4 33. Rxd4 Ra7 34. Kf2 Rc8 35. c3 Rcc7 36. Rd3 Kf7 37. Ke1 Ke7 38. Kd2 Rcb7 39. Nd4 Nb6 40. Nb3 Nc4+ 41. Ke2 Nxd6 42. exd6+ Ke8 43. Nc5 Rb6 44. g4 fxg4 45. hxg4 a5 46. f5 exf5 47. gxf5 axb4 48. cxb4 Kf7 49. Kf3 Rb8 50. Rc3 Rba8 51. Kf4 Rxa3 52. Rc2 Ra2 53. Rc1 Rd2 54. Ne4 Rd4 55. Rc7 Rd8 56. Ke5 Rxb4 57. Nc5 Ke8 58. Rb7 Rb1 59. Na6 h5 60. Nc7+ Kf7 61. Ne6 Re1+ 62. Kf4 Rxe6 63. fxe6+ Kxe6 64. Rxb5 Rh8 65. Rg5 Kxd6 66. Rxg7 h4 67. Rg1 h3 68. Rd1+ Ke6 69. Re1+ Kf6 70. Rh1 d5 71. Rh2 Ke6 72. Kg3 Ke5 73. Kf3 d4 74. Ke2 Ke4 75. Kd2 d3 76. Rh1 h2 77. Re1+ Kd4 78. Rh1 Ra8 79. Ra1 0-1

[Event "Hastings Weekend Open 2024/25"]
[Site "Hastings"]
[Date "2025.01.04"]
[Round "2.3"]
[White "Gorskovs, Andrejs"]
[Black "Patel, Zain"]
[Result "0-1"]
[WhiteElo "1863"]
[BlackElo "2113"]
[PlyCount "100"]
[EventDate "2025.01.03"]
[EventType "swiss"]
[EventRounds "5"]
[EventCountry "ENG"]
[SourceTitle "BritBase"]
[Source "John Saunders"]
[SourceDate "2025.01.10"]
[SourceVersion "1"]
[SourceVersionDate "2025.01.10"]
[SourceQuality "1"]

1. e4 e5 2. Nf3 Nc6 3. Bb5 Nge7 4. Nc3 Ng6 5. h4 Nd4 6. h5 Nf4 7. Nxd4 exd4 8. Qf3 Bd6 9. Ne2 Nxe2 10. Bxe2 h6 11. d3 a5 12. Bd2 Ra6 13. g4 Qe7 14. Qg2 Rb6 15. Rb1 Bb4 16. f4 Bxd2+ 17. Kxd2 Qb4+ 18. c3 Qa4 19. cxd4 Qxa2 20. g5 Rxb2+ 21. Rxb2 Qxb2+ 22. Ke3 c5 23. dxc5 Qc3 24. gxh6 gxh6 25. Qg4 Qxc5+ 26. d4 Qc6 27. Qg7 Rf8 28. Qe5+ Kd8 29. Qxa5+ b6 30. Qa3 Re8 31. Bf3 Bb7 32. Rc1 Qd5 33. Kd3 Qb5+ 34. Kd2 Ba6 35. Ra1 Bb7 36. Be2 Qa5+ 37. Qxa5 bxa5 38. e5 Rg8 39. Rxa5 Rg3 40. f5 Rg2 41. Ke3 Rh2 42. Ra1 Rh3+ 43. Kf4 Rh2 44. Bg4 Rf2+ 45. Ke3 Rg2 46. Kf4 Rf2+ 47. Kg3 Rg2+ 48. Kh3 Rd2 49. Rd1 Rb2 50. Rf1 Bg2+ 0-1

[Event "Hastings Weekend Open 2024/25"]
[Site "Hastings"]
[Date "2025.01.04"]
[Round "2.4"]
[White "Waterfield, Mark"]
[Black "Adams, Henry"]
[Result "0-1"]
[WhiteElo "1842"]
[BlackElo "2017"]
[PlyCount "68"]
[EventDate "2025.01.03"]
[EventType "swiss"]
[EventRounds "5"]
[EventCountry "ENG"]
[SourceTitle "BritBase"]
[Source "John Saunders"]
[SourceDate "2025.01.10"]
[SourceVersion "1"]
[SourceVersionDate "2025.01.10"]
[SourceQuality "1"]

1. e4 c6 2. Nc3 d5 3. Nf3 Bg4 4. h3 Bxf3 5. Qxf3 e6 6. Be2 Nf6 7. O-O Be7 8. Rd1 O-O 9. d4 Nbd7 10. Bf4 Rc8 11. Rd2 Bb4 12. e5 Ne4 13. Rdd1 Bxc3 14. bxc3 Qa5 15. Bd3 f5 16. exf6 Ndxf6 17. c4 g6 18. Bh6 Rf7 19. Qe3 Re8 20. f3 Nd6 21. Qe5 Nf5 22. Bd2 Qa4 23. Rdb1 a5 24. Bg5 Nd7 25. Qc7 Nc5 26. Qxf7+ Kxf7 27. dxc5 dxc4 28. Rxb7+ Kg8 29. Be4 Qa3 30. Rd1 Qxc5+ 31. Kh2 Nd6 32. Re7 Qxg5 33. Rxe8+ Nxe8 34. Bxc6 Nf6 0-1

[Event "Hastings Weekend Open 2024/25"]
[Site "Hastings"]
[Date "2025.01.04"]
[Round "2.5"]
[White "Plotnikov, Dmytro"]
[Black "Mikalajunas, Kajus"]
[Result "0-1"]
[WhiteElo "1720"]
[BlackElo "1975"]
[PlyCount "80"]
[EventDate "2025.01.03"]
[EventType "swiss"]
[EventRounds "5"]
[EventCountry "ENG"]
[SourceTitle "BritBase"]
[Source "John Saunders"]
[SourceDate "2025.01.10"]
[SourceVersion "1"]
[SourceVersionDate "2025.01.10"]
[SourceQuality "1"]

1. e4 c6 2. d4 d5 3. exd5 cxd5 4. c4 Nf6 5. Nc3 g6 6. Qb3 Bg7 7. cxd5 O-O 8. Nf3 Nbd7 9. Bf4 Nb6 10. Bc4 a5 11. a4 Nxc4 12. Qxc4 b6 13. Bc7 Qd7 14. Qc6 Qg4 15. O-O Bf5 16. Qxb6 Ne4 17. Qb3 Ng5 18. Nxg5 Qxg5 19. Rad1 Rfc8 20. Bg3 h5 21. f4 Qg4 22. Rf3 Rab8 23. Qa3 h4 24. h3 Qh5 25. Bf2 Rb4 26. Rd2 Rcc4 27. Qa1 Qh8 28. b3 Rxb3 29. Nd1 Rb1 30. Qa3 Rcc1 31. Qxe7 Rxd1+ 32. Rxd1 Rxd1+ 33. Kh2 Bxd4 34. Qd8+ Kg7 35. Bxd4+ Rxd4 36. Qxa5 Qb8 37. Qc3 Qb4 38. Qxb4 Rxb4 39. Ra3 Be4 40. g3 Rb2+ 0-1

[Event "Hastings Weekend Open 2024/25"]
[Site "Hastings"]
[Date "2025.01.04"]
[Round "2.6"]
[White "Yu, Rock"]
[Black "Flynn, David"]
[Result "1-0"]
[WhiteElo "1952"]
[BlackElo "1846"]
[PlyCount "37"]
[EventDate "2025.01.03"]
[EventType "swiss"]
[EventRounds "5"]
[EventCountry "ENG"]
[SourceTitle "BritBase"]
[Source "John Saunders"]
[SourceDate "2025.01.10"]
[SourceVersion "1"]
[SourceVersionDate "2025.01.10"]
[SourceQuality "1"]

1. e4 c5 2. Nf3 Nc6 3. d4 cxd4 4. Nxd4 g6 5. c4 Nf6 6. Nc3 d6 7. Be3 Ng4 8. Nxc6 Nxe3 9. Nxd8 Nxd1 10. Rxd1 Kxd8 11. c5 Kc7 12. cxd6+ exd6 13. Nb5+ Kc6 14. Rc1+ Kb6 15. Nc7 Rb8 16. Nd5+ Ka5 17. Rc3 Bd7 18. Ra3+ Ba4 19. b4# 1-0

[Event "Hastings Weekend Open 2024/25"]
[Site "Hastings"]
[Date "2025.01.04"]
[Round "2.8"]
[White "Wilson, Matthew R"]
[Black "Keely, Leo A"]
[Result "0-1"]
[WhiteElo "1772"]
[BlackElo "1899"]
[PlyCount "41"]
[EventDate "2025.01.03"]
[EventType "swiss"]
[EventRounds "5"]
[EventCountry "ENG"]
[SourceTitle "BritBase"]
[Source "John Saunders"]
[SourceDate "2025.01.10"]
[SourceVersion "1"]
[SourceVersionDate "2025.01.10"]
[SourceQuality "1"]

1. b3 Nf6 2. Bb2 g6 3. e4 d6 4. Nf3 Bg7 5. c4 O-O 6. Nc3 Nxe4 7. Qc2 Nxc3 8. Bxc3 e5 9. d3 Nc6 10. Be2 Qe7 11. O-O Bf5 12. Rfe1 Qd7 13. h3 h6 14. Bf1 Rfe8 15. Qb2 a6 16. Rad1 b5 17. d4 b4 18. g4 bxc3 19. Qxc3 exd4 20. Rxe8+ Rxe8 21. Nxd4 0-1

[Event "Hastings Weekend Open 2024/25"]
[Site "Hastings"]
[Date "2025.01.04"]
[Round "2.9"]
[White "Ponting, Andrew"]
[Black "Kim, Yegeon"]
[Result "1/2-1/2"]
[WhiteElo "1923"]
[BlackElo "1697"]
[PlyCount "95"]
[EventDate "2025.01.03"]
[EventType "swiss"]
[EventRounds "5"]
[EventCountry "ENG"]
[SourceTitle "BritBase"]
[Source "John Saunders"]
[SourceDate "2025.01.10"]
[SourceVersion "1"]
[SourceVersionDate "2025.01.10"]
[SourceQuality "1"]

1. d4 Nf6 2. c4 e6 3. Nc3 Bb4 4. e3 O-O 5. Bd3 c5 6. Nge2 d5 7. O-O cxd4 8. exd4 dxc4 9. Bxc4 h6 10. Bf4 Bd6 11. Qd2 a6 12. Rac1 b5 13. Bd3 Bb7 14. Bxd6 Qxd6 15. Qf4 Rd8 16. Qxd6 Rxd6 17. Rfd1 Nc6 18. Ne4 Nxe4 19. Bxe4 Rad8 20. Re1 Ba8 21. Bxc6 Bxc6 22. f3 Bd5 23. b3 b4 24. Nf4 Bb7 25. Rc7 R8d7 26. Rxd7 Rxd7 27. Kf2 Rxd4 28. Ke3 Rd7 29. Nd3 a5 30. Nc5 Rc7 31. Nxb7 Rxb7 32. Rc1 Ra7 33. Rc4 Kf8 34. g3 Ke7 35. Rc5 Kd6 36. Rb5 Kc6 37. Rb8 Kc5 38. Rc8+ Kb6 39. h4 a4 40. Kd4 axb3 41. axb3 Ka5 42. Kc5 e5 43. Kd6 f6 44. Rc5+ Kb6 45. Rc6+ Kb5 46. Rc5+ Ka6 47. Rc6+ Kb5 48. Rc5+ 1/2-1/2

[Event "Hastings Weekend Open 2024/25"]
[Site "Hastings"]
[Date "2025.01.04"]
[Round "2.10"]
[White "Venkataramanan, T.S."]
[Black "Kendall, Arthur"]
[Result "1-0"]
[WhiteElo "2215"]
[BlackElo "1841"]
[PlyCount "53"]
[EventDate "2025.01.03"]
[EventType "swiss"]
[EventRounds "5"]
[EventCountry "ENG"]
[SourceTitle "BritBase"]
[Source "John Saunders"]
[SourceDate "2025.01.10"]
[SourceVersion "1"]
[SourceVersionDate "2025.01.10"]
[SourceQuality "1"]

1. d4 Nf6 2. Nf3 g6 3. g3 Bg7 4. Bg2 O-O 5. c4 d6 6. O-O c5 7. Nc3 Nc6 8. d5 Na5 9. Qd3 a6 10. e4 b5 11. cxb5 axb5 12. Nxb5 Ba6 13. a4 Nd7 14. Rb1 c4 15. Qe2 Nc5 16. Nc3 Nd3 17. Be3 Nb3 18. Rfd1 Qa5 19. Bg5 Rfe8 20. Bh3 Nxb2 21. Rxb2 Qxc3 22. Rc2 Qb4 23. Bd7 Red8 24. Bc6 Na1 25. Rxa1 Bxa1 26. Bxa8 Qb1+ 27. Rc1 1-0

[Event "Hastings Weekend Open 2024/25"]
[Site "Hastings"]
[Date "2025.01.04"]
[Round "2.11"]
[White "Suez-Panama, Gilles"]
[Black "Butt, Laurence"]
[Result "1-0"]
[WhiteElo "1979"]
[BlackElo "1818"]
[PlyCount "95"]
[EventDate "2025.01.03"]
[EventType "swiss"]
[EventRounds "5"]
[EventCountry "ENG"]
[SourceTitle "BritBase"]
[Source "John Saunders"]
[SourceDate "2025.01.10"]
[SourceVersion "1"]
[SourceVersionDate "2025.01.10"]
[SourceQuality "1"]

1. Nf3 d5 2. b3 f5 3. Bb2 Nf6 4. e3 e6 5. h3 Bd6 6. d4 O-O 7. Bd3 Bd7 8. Qe2 Ne4 9. Nbd2 Be8 10. g4 Nd7 11. Ne5 Qf6 12. Nxd7 Bxd7 13. O-O-O a5 14. Rdg1 a4 15. gxf5 exf5 16. Nb1 axb3 17. axb3 Ra2 18. f4 Rfa8 19. Bxe4 dxe4 20. Nc3 R2a5 21. Qc4+ Qf7 22. Qe2 Ba3 23. Bxa3 Rxa3 24. Kb2 c6 25. Ra1 Rxa1 26. Rxa1 Rxa1 27. Kxa1 Be6 28. Na4 Qe7 29. Kb2 Bf7 30. Qe1 Qd6 31. Qa5 g5 32. fxg5 b5 33. Nc5 Bd5 34. Qa8+ Kg7 35. Qe8 Bf7 36. Qc8 Qd5 37. Nd7 Qd6 38. Ne5 f4 39. Qh8+ Kxh8 40. Nxf7+ Kg7 41. Nxd6 f3 42. Nxe4 Kg6 43. Kc1 Kf5 44. Nf2 Kxg5 45. c4 b4 46. Kd2 Kf5 47. Kd3 h6 48. e4+ 1-0

[Event "Hastings Weekend Open 2024/25"]
[Site "Hastings"]
[Date "2025.01.04"]
[Round "2.12"]
[White "Ashton, Alannah"]
[Black "Lee, Younggyu"]
[Result "1-0"]
[WhiteElo "1953"]
[BlackElo "1722"]
[PlyCount "145"]
[EventDate "2025.01.03"]
[EventType "swiss"]
[EventRounds "5"]
[EventCountry "ENG"]
[SourceTitle "BritBase"]
[Source "John Saunders"]
[SourceDate "2025.01.10"]
[SourceVersion "1"]
[SourceVersionDate "2025.01.10"]
[SourceQuality "1"]

1. e4 e5 2. Nf3 Nc6 3. Bb5 a6 4. Ba4 Nf6 5. O-O Be7 6. Re1 b5 7. Bb3 d6 8. c3 O-O 9. h3 Na5 10. Bc2 c5 11. d4 Qc7 12. d5 Ne8 13. b3 f5 14. exf5 Bxf5 15. Bxf5 Rxf5 16. Nbd2 c4 17. b4 Nb7 18. a4 Rb8 19. axb5 axb5 20. Ne4 h6 21. Ra7 Qc8 22. Re2 Rf8 23. Rea2 Nf6 24. Nxf6+ Bxf6 25. Be3 Qf5 26. Nh2 e4 27. Qd2 Nd8 28. Ng4 Nf7 29. Nxf6+ Qxf6 30. R2a6 Ne5 31. Bd4 Rfd8 32. Qe3 Qf5 33. Qg3 Qg5 34. Qxg5 hxg5 35. Bxe5 dxe5 36. Rg6 Rxd5 37. Rgxg7+ Kf8 38. Rh7 Kg8 39. Rag7+ Kf8 40. Rxg5 Rb6 41. Rf5+ Kg8 42. Rh4 Rd3 43. Rg4+ Kh7 44. Rh5+ Rh6 45. Rxh6+ Kxh6 46. Rxe4 Rd5 47. Kf1 Kg5 48. Ke2 Kf5 49. f3 Rd3 50. Re3 Rd7 51. h4 Rh7 52. Re4 Kf6 53. g3 Ra7 54. f4 Ra2+ 55. Kf3 exf4 56. Rxf4+ Kg6 57. Re4 Rc2 58. Re3 Rc1 59. g4 Rf1+ 60. Kg2 Rc1 61. Rf3 Rc2+ 62. Kg3 Rc1 63. Kf4 Rh1 64. h5+ Kh6 65. Kf5 Rg1 66. Kf4 Rh1 67. Ke5 Kg5 68. Rg3 Rd1 69. Ke4 Rd7 70. Rh3 Kxg4 71. Rh1 Rh7 72. h6 Kg5 73. Kd5 1-0

[Event "Hastings Weekend Open 2024/25"]
[Site "Hastings"]
[Date "2025.01.04"]
[Round "2.13"]
[White "Taylor, Zebadiah"]
[Black "Gosling, Marcus"]
[Result "0-1"]
[WhiteElo "1636"]
[BlackElo "1930"]
[PlyCount "90"]
[EventDate "2025.01.03"]
[EventType "swiss"]
[EventRounds "5"]
[EventCountry "ENG"]
[SourceTitle "BritBase"]
[Source "John Saunders"]
[SourceDate "2025.01.10"]
[SourceVersion "1"]
[SourceVersionDate "2025.01.10"]
[SourceQuality "1"]

1. e4 c6 2. d4 d5 3. Nc3 dxe4 4. Nxe4 Nf6 5. Nxf6+ exf6 6. Ne2 Bd6 7. Bf4 O-O 8. Qd2 Be6 9. Bxd6 Qxd6 10. Nf4 Re8 11. Be2 Na6 12. O-O Nc5 13. Bf3 Rad8 14. c3 g6 15. Rfe1 a6 16. Nd3 Nxd3 17. Qxd3 Bxa2 18. g3 Bd5 19. Bxd5 Qxd5 20. Re3 Re6 21. Qc2 Rde8 22. Rae1 Kg7 23. Rxe6 Rxe6 24. Rxe6 fxe6 25. Qa4 a5 26. Qa3 Kf7 27. Kf1 g5 28. Qa4 h5 29. Qc2 f5 30. Qd2 Qh1+ 31. Ke2 Qe4+ 32. Qe3 Qxe3+ 33. Kxe3 Ke7 34. h4 f4+ 35. Kf3 fxg3 36. hxg5 gxf2 37. Kxf2 Kf7 38. Kg3 Kg6 39. Kf4 b5 40. Kg3 Kxg5 41. Kh3 h4 42. Kh2 Kg4 43. Kg2 a4 44. Kh2 h3 45. Kg1 Kf3 0-1

[Event "Hastings Weekend Open 2024/25"]
[Site "Hastings"]
[Date "2025.01.04"]
[Round "2.14"]
[White "Alcindor, Samuel"]
[Black "Karangad, Mohit"]
[Result "1-0"]
[WhiteElo "1927"]
[BlackElo "1817"]
[PlyCount "91"]
[EventDate "2025.01.03"]
[EventType "swiss"]
[EventRounds "5"]
[EventCountry "ENG"]
[SourceTitle "BritBase"]
[Source "John Saunders"]
[SourceDate "2025.01.10"]
[SourceVersion "1"]
[SourceVersionDate "2025.01.10"]
[SourceQuality "1"]

1. e4 c5 2. Nc3 Nc6 3. f4 e6 4. Bb5 Nd4 5. Nf3 a6 6. Be2 Nf6 7. e5 Ng8 8. O-O d6 9. d3 d5 10. Qd2 Nh6 11. Nd1 Be7 12. c3 Nc6 13. d4 O-O 14. Ne3 Bd7 15. Kh1 f6 16. exf6 Bxf6 17. dxc5 b6 18. cxb6 Qxb6 19. Nxd5 exd5 20. Qxd5+ Kh8 21. Qxd7 Rfe8 22. Ne5 Bxe5 23. fxe5 Nxe5 24. Qd4 Qg6 25. Bxh6 Qxh6 26. Rad1 Qg5 27. Qf4 Qe7 28. Bf3 Rab8 29. b3 Ng6 30. Qd6 Qe3 31. Qd3 Qe6 32. Qd6 Qe3 33. Qd4 Qe7 34. c4 Nh4 35. Bd5 Rbd8 36. Qf2 Qg5 37. Rde1 h6 38. Rxe8+ Rxe8 39. Re1 Rd8 40. g3 Nf5 41. Qf4 Qf6 42. Re5 g6 43. g4 Qh4 44. Re4 Nd6 45. Re6 Kg7 46. Qe5+ 1-0

[Event "Hastings Weekend Open 2024/25"]
[Site "Hastings"]
[Date "2025.01.04"]
[Round "2.15"]
[White "Graham, David B"]
[Black "Lesniowski, Paul"]
[Result "1/2-1/2"]
[WhiteElo "2129"]
[BlackElo "1874"]
[PlyCount "84"]
[EventDate "2025.01.03"]
[EventType "swiss"]
[EventRounds "5"]
[EventCountry "ENG"]
[SourceTitle "BritBase"]
[Source "John Saunders"]
[SourceDate "2025.01.10"]
[SourceVersion "1"]
[SourceVersionDate "2025.01.10"]
[SourceQuality "1"]

1. e4 c5 2. Nf3 e6 3. Nc3 Nc6 4. Bb5 Nd4 5. O-O a6 6. Bd3 Ne7 7. Nxd4 cxd4 8. Ne2 Nc6 9. c3 dxc3 10. dxc3 Be7 11. Ng3 g6 12. Bh6 d6 13. Qe2 Bd7 14. a4 Bf6 15. f4 Qb6+ 16. Kh1 O-O-O 17. a5 Qc7 18. Ra3 Be7 19. b4 d5 20. f5 gxf5 21. exd5 Ne5 22. Bf4 Bd6 23. Bxe5 Bxe5 24. c4 Bxg3 25. hxg3 Qxg3 26. Rf3 Qh4+ 27. Rh3 Qg4 28. Qf2 Kb8 29. Be2 Qe4 30. Bd3 Qe5 31. Re3 Qd4 32. Rf3 Qxf2 33. Rxf2 exd5 34. cxd5 Bc8 35. Bxf5 Rxd5 36. Bxc8 Rxc8 37. Rxf7 Rh5+ 38. Rh3 Rxh3+ 39. gxh3 Rc7 40. Rf4 Rg7 41. Rc4 Rc7 42. Kh2 Rxc4 1/2-1/2

[Event "Hastings Weekend Open 2024/25"]
[Site "Hastings"]
[Date "2025.01.04"]
[Round "2.16"]
[White "Freeland, Alex"]
[Black "Rastogi, Nayan Keats"]
[Result "1-0"]
[WhiteElo "2040"]
[BlackElo "1873"]
[PlyCount "111"]
[EventDate "2025.01.03"]
[EventType "swiss"]
[EventRounds "5"]
[EventCountry "ENG"]
[SourceTitle "BritBase"]
[Source "John Saunders"]
[SourceDate "2025.01.10"]
[SourceVersion "1"]
[SourceVersionDate "2025.01.10"]
[SourceQuality "1"]

1. d4 Nf6 2. Nf3 d5 3. c4 e6 4. Nc3 Bb4 5. Qa4+ Nc6 6. e3 Bd7 7. Qc2 dxc4 8. Bxc4 Bd6 9. O-O O-O 10. Bd2 Re8 11. Rad1 h6 12. Rfe1 e5 13. dxe5 Nxe5 14. Nxe5 Bxe5 15. f4 Bd6 16. Qb3 Qe7 17. h3 Bc6 18. e4 Bc5+ 19. Kh2 Ng4+ 20. Kg3 Bf2+ 21. Kxg4 Qh4+ 22. Kf3 Qg3+ 23. Ke2 Qxg2 24. Bxf7+ Kf8 25. Bxe8 Rxe8 26. Be3 Bxe4 27. Nxe4 Rxe4 28. Kd3 Qf3 29. Kc2 Bxe3 30. Kb1 Qf2 31. Qxb7 Rd4 32. Qc8+ Kf7 33. Qxc7+ Kf8 34. Qc2 Qxc2+ 35. Kxc2 Rxd1 36. Rxd1 Bxf4 37. Rd7 Be3 38. Kd3 Bb6 39. b4 h5 40. Ke4 g5 41. Kf5 g4 42. hxg4 hxg4 43. Kxg4 Ke8 44. Rh7 Kd8 45. Kf5 Kc8 46. Ke4 Bf2 47. Kd5 Kb8 48. Kc6 a6 49. a4 Ka8 50. b5 axb5 51. axb5 Bg3 52. b6 Bb8 53. Rh3 Bf4 54. b7+ Kb8 55. Rh8+ Ka7 56. Ra8# 1-0

[Event "Hastings Weekend Open 2024/25"]
[Site "Hastings"]
[Date "2025.01.04"]
[Round "2.17"]
[White "Zhang, Kendrick Botong"]
[Black "Graham, Oliver"]
[Result "1/2-1/2"]
[WhiteElo "1994"]
[BlackElo "1789"]
[PlyCount "101"]
[EventDate "2025.01.03"]
[EventType "swiss"]
[EventRounds "5"]
[EventCountry "ENG"]
[SourceTitle "BritBase"]
[Source "John Saunders"]
[SourceDate "2025.01.10"]
[SourceVersion "1"]
[SourceVersionDate "2025.01.10"]
[SourceQuality "1"]

1. e4 e5 2. Nf3 Nc6 3. Bc4 Be7 4. d4 exd4 5. Nxd4 Nf6 6. Nxc6 dxc6 7. Qxd8+ Bxd8 8. O-O O-O 9. Nc3 Re8 10. f3 Be6 11. Bxe6 Rxe6 12. Rd1 Be7 13. Be3 Bb4 14. Ne2 Ree8 15. Nd4 Bc5 16. c3 a6 17. Bg5 Nd7 18. Kf1 Bxd4 19. Rxd4 Nc5 20. Bh4 f6 21. Rad1 Kf7 22. Bg3 Rac8 23. Kf2 Re7 24. h4 h5 25. R1d2 Ke8 26. Re2 Rd8 27. Ke3 Ne6 28. Rxd8+ Kxd8 29. f4 Rd7 30. Be1 Nc5 31. Rd2 Ke7 32. Rd4 Ne6 33. Rxd7+ Kxd7 34. Bf2 c5 35. e5 f5 36. g3 Kc6 37. Kd3 Kd5 38. b3 b5 39. c4+ Kc6 40. cxb5+ axb5 41. a4 Nd8 42. a5 Ne6 43. Kc3 g6 44. b4 Kb7 45. Bxc5 c6 46. Kd3 Ka6 47. Bd6 Kb7 48. Ke3 Ka6 49. Bc5 Kb7 50. Bb6 Ka6 51. Kd3 1/2-1/2

[Event "Hastings Weekend Open 2024/25"]
[Site "Hastings"]
[Date "2025.01.04"]
[Round "2.18"]
[White "Kim, Taewoo A"]
[Black "Zhu, Yaoyao"]
[Result "1/2-1/2"]
[WhiteElo "1852"]
[BlackElo "1990"]
[PlyCount "50"]
[EventDate "2025.01.03"]
[EventType "swiss"]
[EventRounds "5"]
[EventCountry "ENG"]
[SourceTitle "BritBase"]
[Source "John Saunders"]
[SourceDate "2025.01.10"]
[SourceVersion "1"]
[SourceVersionDate "2025.01.10"]
[SourceQuality "1"]

1. d4 d5 2. c4 e6 3. Nf3 Nf6 4. Nc3 Be7 5. Bf4 O-O 6. e3 Nbd7 7. c5 c6 8. Bd3 b6 9. b4 a5 10. a3 Ba6 11. O-O Qc8 12. h3 Qb7 13. Qc2 Rfc8 14. Rfb1 Bd8 15. bxa5 Bxd3 16. Qxd3 Rxa5 17. a4 Qa7 18. cxb6 Nxb6 19. Bd6 Nxa4 20. Bb4 Nxc3 21. Bxc3 Rxa1 22. Rxa1 Qb7 23. Rb1 Qa7 24. Ra1 Qb7 25. Rb1 Qa7 1/2-1/2

[Event "Hastings Weekend Open 2024/25"]
[Site "Hastings"]
[Date "2025.01.04"]
[Round "2.19"]
[White "Gartside, Carl"]
[Black "Ahn, Sungmin"]
[Result "0-1"]
[WhiteElo "1810"]
[BlackElo "1926"]
[PlyCount "96"]
[EventDate "2025.01.03"]
[EventType "swiss"]
[EventRounds "5"]
[EventCountry "ENG"]
[SourceTitle "BritBase"]
[Source "John Saunders"]
[SourceDate "2025.01.10"]
[SourceVersion "1"]
[SourceVersionDate "2025.01.10"]
[SourceQuality "1"]

1. e4 c5 2. Nf3 e6 3. d4 cxd4 4. Nxd4 a6 5. c4 Nf6 6. Nc3 Qc7 7. a3 b6 8. Be3 Bb7 9. Bd3 Be7 10. Rc1 O-O 11. O-O d6 12. f4 Nbd7 13. b4 Rac8 14. Kh1 Qb8 15. Nf3 Qa8 16. Nd2 Ne8 17. Qh5 f5 18. Qe2 g6 19. Qf2 Bd8 20. exf5 gxf5 21. Rfe1 Rf6 22. Bf1 Rg6 23. Nf3 Nef6 24. Qe2 Nh5 25. Ng5 Ng7 26. Nf3 Bc7 27. Bd4 Re8 28. Rc2 Bd8 29. Qd3 Nh5 30. Ne2 Be4 31. Qc3 Bxc2 32. Qxc2 h6 33. c5 Qc6 34. Qd2 bxc5 35. bxc5 Nxc5 36. Rc1 Bf6 37. Be3 Rg7 38. Ned4 Qd5 39. Bc4 Qe4 40. Re1 Kh8 41. Bf2 Qa8 42. Nxe6 Ne4 43. Qa2 Rge7 44. Bg1 Ng7 45. Nh4 Bxh4 46. Bd5 Qc8 47. Bd4 Rxe6 48. Bxe6 Qxe6 0-1

[Event "Hastings Weekend Open 2024/25"]
[Site "Hastings"]
[Date "2025.01.04"]
[Round "2.20"]
[White "Kilambi, Venkata Ananth Aksh"]
[Black "Lawrence-Cade, Jack"]
[Result "1-0"]
[WhiteElo "1910"]
[BlackElo "1716"]
[PlyCount "79"]
[EventDate "2025.01.03"]
[EventType "swiss"]
[EventRounds "5"]
[EventCountry "ENG"]
[SourceTitle "BritBase"]
[Source "John Saunders"]
[SourceDate "2025.01.10"]
[SourceVersion "1"]
[SourceVersionDate "2025.01.10"]
[SourceQuality "1"]

1. c4 c5 2. Nf3 Nc6 3. d4 cxd4 4. Nxd4 e5 5. Nb5 a6 6. Nd6+ Bxd6 7. Qxd6 Qe7 8. Qd1 Nf6 9. Nc3 h6 10. e4 O-O 11. Be3 d6 12. Be2 Be6 13. f3 Rac8 14. Qd2 Rfd8 15. O-O Qc7 16. Nd5 Bxd5 17. cxd5 Nb8 18. Rac1 Qe7 19. Qb4 Nh5 20. g3 b5 21. a4 bxa4 22. Qxa4 Qb7 23. b3 Nf6 24. b4 Rc7 25. Rxc7 Qxc7 26. Bxa6 Qc3 27. Bb6 Rf8 28. b5 Nfd7 29. Ba5 Qe3+ 30. Kg2 Nc5 31. Qc4 Nd3 32. Qc2 Nc5 33. Bb4 Ncxa6 34. bxa6 Qb6 35. a7 Na6 36. Qa4 Ra8 37. Ba3 Rxa7 38. Rc1 Rc7 39. Rc6 Rxc6 40. Qxc6 1-0

[Event "Hastings Weekend Open 2024/25"]
[Site "Hastings"]
[Date "2025.01.04"]
[Round "2.21"]
[White "Chapman, Luke"]
[Black "Freeman, Luke"]
[Result "1/2-1/2"]
[WhiteElo "1766"]
[BlackElo "1887"]
[PlyCount "21"]
[EventDate "2025.01.03"]
[EventType "swiss"]
[EventRounds "5"]
[EventCountry "ENG"]
[SourceTitle "BritBase"]
[Source "John Saunders"]
[SourceDate "2025.01.10"]
[SourceVersion "1"]
[SourceVersionDate "2025.01.10"]
[SourceQuality "1"]

1. d4 d5 2. c4 Bf5 3. Nf3 e6 4. Qb3 Nc6 5. Qxb7 Nb4 6. Na3 Rb8 7. Qxa7 Ra8 8. Qb7 Rb8 9. Qa7 Ra8 10. Qb7 Rb8 11. Qa7 1/2-1/2

[Event "Hastings Weekend Open 2024/25"]
[Site "Hastings"]
[Date "2025.01.04"]
[Round "2.7"]
[White "Lee, Jungsoo"]
[Black "Batchelor, Paul A"]
[Result "0-1"]
[WhiteElo "1705"]
[BlackElo "1933"]
[PlyCount "119"]
[EventDate "2025.01.03"]
[EventType "swiss"]
[EventRounds "5"]
[EventCountry "ENG"]
[SourceTitle "BritBase"]
[Source "John Saunders"]
[SourceDate "2025.01.10"]
[SourceVersion "1"]
[SourceVersionDate "2025.01.10"]
[SourceQuality "1"]

1. e4 c5 2. Nf3 d6 3. d4 cxd4 4. Nxd4 Nf6 5. Nc3 g6 6. Be3 Bg7 7. f3 O-O 8. Bc4 Nc6 9. Qd2 Bd7 10. O-O-O Rc8 11. Bb3 Nxd4 12. Bxd4 b5 13. h4 b4 14. Bxf6 bxc3 15. Bxc3 Rxc3 16. bxc3 Qa5 17. Qg5 Qa3+ 18. Kd2 Bf6 19. Qh6 Qc5 20. Qe3 Qa5 21. Ke2 Bxc3 22. h5 Bg7 23. hxg6 hxg6 24. Rd5 Qc7 25. Qg5 Be6 26. Qh4 Rc8 27. Rd2 Bc4+ 28. Kd1 Bxb3 29. cxb3 Bf6 30. Qh7+ Kf8 31. Ke2 Qc5 32. Qh6+ Kg8 33. Qh7+ Kf8 34. Rhd1 Qg5 35. Kf2 Be5 36. Qh3 Rc3 37. g3 Qe3+ 38. Kg2 Qxf3+ 39. Kg1 Qxe4 40. Rg2 Qf3 41. Re1 Kg8 42. Qh4 Bxg3 43. Rxg3 Qxg3+ 44. Qxg3 Rxg3+ 45. Kh2 Rc3 46. Rxe7 Rc2+ 47. Kg3 Rxa2 48. Kf4 Kg7 49. Rd7 Ra6 50. Rc7 Rb6 51. Rc3 Kf6 52. Ke4 Ke6 53. Re3 Rb5 54. Kd4+ Re5 55. Rg3 a5 56. Kc4 g5 57. Kd4 f6 58. Rh3 g4 59. Rh8 Rg5 60. Rh1 0-1